000 00802nas a2200277 4500
001 BR2017002595
003 BR-BrBNA
005 20231205131408.0
007 ta
008 230509b bl.|||p| |||| 00| 00por d
040 _aBR-BrBNA
_bpor
_cBiblioteca Nacional de Agricultura
041 _a(En)
072 _aU40
100 1 _aSurovy, P.
100 1 _aRibeiro, N. de A.
100 1 _aPereira, J.S.
100 1 _aYoshimoto, A.
245 1 _aEstimation of cork production usingaerial imagery
650 _aINVENTÁRIO FLORESTAL
650 _aSENSORIAMENTO REMOTO
650 _aCORTIÇA
650 _aPRODUÇÃO
773 0 _tRevista Árvore (Brazil)
_xISSN 0100-6762
_g(Sep-Oct 2015), v. 39(5) p. 853-861
_wBR2017002595
909 _a202311
_bLúcia
_c55
_dLúcia Elande
942 _2AGRIS
_n0
_cANA
999 _c254575
_d254575